| 000 | 00580nam a22001457a 4500 | ||
|---|---|---|---|
| 003 | OSt | ||
| 005 | 20160303155603.0 | ||
| 008 | 160303b xxu||||| |||| 00| 0 eng d | ||
| 040 | _cRUA | ||
| 082 | _aLMA VA B454 Or.1 | ||
| 100 |
_97791 _aVA SOPHEAK; វ៉ា សុភ័ក្រ្ត |
||
| 245 | _aStudy on effectiveness on land registration through order 01, សិក្សាពីប្រសិទ្ធភាពនៃការចុះបញ្ចីដីធ្លីតាមបទបញ្ជាលេខ ០១ | ||
| 300 |
_axi,64p. _bill. _c29cm. |
||
| 942 |
_2ddc _cLMA |
||
| 999 |
_c7391 _d7391 |
||